Giornalisti italiani #1 - Statistics

Statistiche generali
  • Questo quiz è stato fatto 58 volte
  • Il punteggio medio è 4 su 8
Statistiche sulle risposte
con Immagini Risposta % Corretto
Piero Angela
96%
Indro Montanelli
78%
Oriana Fallaci
72%
Francesco Giorgino
48%
Eugenio Scalfari
33%
Gianni Brera
24%
Maurizio Costanzo
22%
Tito Stagno
22%
Nessun quiz corrispondente trovato
Distribuzione punteggi
Percentuale di utenti per punteggio
Percentile per numero di risposta
I tuoi punteggi nel tempo
Non hai fatto questo quiz